BIBLIOTHÈQUE DE LA MAISON DU MEXIQUE

Logo 1 Logo 2

Las esferas de la paciencia (notice nᵒ 208)

détails MARC
000 -Sello discográfico
campo de control de longitud fija 00991nam a2200337 4500
005 - Identificación de versión
campo de control 20251016082041.0
010 ## - Número Estándar Internacional de Libros (ISBN)
Número (ISBN) 968-6229-63-9
035 ## - Otros números de control del sistema
Número de control del sistema 19767
099 ## - fechas locales
Tipo de ítem Koha LIBRO
100 ## - Datos de procesamiento general
Datos de procesamiento general 19941005d1992 m y1spay5003 ba
105 ## - Campo de datos codificados: Material textual, monográfico
Datos codificados de monografía y 001cy
200 1# - Título y mención de responsabilidad
Título propio Las esferas de la paciencia
Designación general del material texto impreso
Primer mención de responsabilidad Hugo Diego Blanco
205 ## - Declaración de edición
Declaración de edición 1a ed
210 ## - Publicación, distribución, etc.
Lugar de publicación, distribución, etc. México
Nombre del editor, distribuidor, etc. Editorial Vuelta
Fecha de publicación, distribución, etc. 1992
215 ## - Descripción física
Designación de material específico y extensión del ítem 141 p
Dimensiones 21 cm
300 ## - Notas generales
Texto de la nota Ejemplar autografiado por el autor
320 ## - Nota de índices/bibliografías internas
Texto de la nota Bibliografía: p.130-140
345 ## - Nota de información de adquisición
Fuente de adquisición/dirección de la suscripción [OBSOLETO] Donación Hugo Diego Blanco
410 #1 - Series
Título La Reflexión
606 ## - Término temático usado como materia
Elemento de entrada Jesuitas en China
Número Koha 692
606 ## - Término temático usado como materia
Elemento de entrada Jesuitas en Francia
Número Koha 693
606 ## - Término temático usado como materia
Elemento de entrada Jesuitas
Subdivisión temática Misiones
Subdivisión cronológica Siglo XVIII
Número Koha 694
700 ## - Nombre personal - Responsabilidad primaria
Elemento de entrada Diego Blanco
Parte del nombre distinta del elemento de entrada Hugo
Fechas 1959-
Número Koha 695
801 #0 - Fuente de origen
Agencia cm
900 ## -
-- 1/10632
900 ## -
-- 71094175\\\051094
942 ## - ELEMENTOS DE ENTRADA SECUNDARIOS (KOHA)
Tipo de ítem Koha Livre
996 ## -
-- MEX
-- 751145101
-- MMAG
-- 004329
-- 271.5 B641E
-- 20201221LIV
Exemplaires
Estatus retirado Estado de daño Estado de pérdida Fecha de adquisición Biblioteca de origen Biblioteca actual Ubicación en estantería Código de barras Precio de reemplazo Signatura topográfica completa No para préstamo Tipo de ítem Koha Nota pública Nota no pública
      05/08/2025 Casa México Paris Casa México Paris   004329 05/08/2025 271.5 B641E   Livre 20201221LIV 751145101